[Event "2nd ITT FENAMAC-B 2020"]
[Site "Toluca"]
[Date "2020.03.16"]
[Round "8.2"]
[White "Camacho Collados, Marcos"]
[Black "Medina Diaz, Rafael Alejandro"]
[Result "1/2-1/2"]
[WhiteElo "2409"]
[BlackElo "2308"]
[Annotator "TA"]
[PlyCount "35"]
[EventDate "2020.03.12"]
[EventType "tourn"]
[EventCountry "MEX"]
[SourceTitle "playchess.com"]
[Source "ChessBase"]
[SourceQuality "1"]

{[%evp 14,35,28,36,33,32,35,18,17,18,19,19,59,52,68,-10,-8,-8,-11,-23,48,48,48,50]} 1. c4 c6 2. Nf3 d5 3. b3 Nf6 4. Bb2 g6 5. g3 Bg7 6. Bg2 O-O 7. O-O dxc4 {7...a5 is the modern continuation.} 8. bxc4 c5 {A11: English Opening: 1...c6.} 9. d3 Nc6 10. Nc3 Bg4 {The position is equal.} 11. h3 {[#]} Bxf3 $146 ({Predecessor:} 11... Bd7 12. Rb1 Rc8 13. Nd2 b6 14. g4 Nd4 15. e3 Ne6 16. Nd5 Nxd5 17. cxd5 Nc7 18. Bxg7 Kxg7 {½-½ (40) Jurman,R (2186)-Dvornitzky,B (1816) Pula 2016}) 12. Bxf3 Nd4 13. Bg2 Rb8 14. Nd5 ({White should play} 14. Rb1 $14) 14... Nxd5 $11 15. Bxd5 e6 16. Bg2 Nf3+ (16... b5 $11 17. Rc1 bxc4 18. Bxd4 cxd4 19. Rxc4 Rb2) 17. Bxf3 $14 {[#] Black must now prevent Bxg7.} Bxb2 18. Rb1 1/2-1/2

[Event "2nd ITT FENAMAC-B 2020"]
[Site "Toluca"]
[Date "2020.03.16"]
[Round "8.3"]
[White "Della Morte, Pablo"]
[Black "Guerrero Rodriguez, Alejandra"]
[Result "0-1"]
[WhiteElo "2273"]
[BlackElo "2088"]
[Annotator "TA"]
[PlyCount "86"]
[EventDate "2020.03.12"]
[EventType "tourn"]
[EventCountry "MEX"]
[SourceTitle "playchess.com"]
[Source "ChessBase"]
[SourceQuality "1"]

{[%evp 21,86,14,74,56,80,0,51,50,58,56,67,60,73,90,93,38,191,193,190,187,188,181,186,193,312,314,359,344,340,329,310,304,288,279,276,281,284,279,252,282,281,265,283,258,355,355,356,364,306,0,0,-29971,-29972,-12832,-12831,-29989,-446,-29994,-29995,-29995,-29996,-29996,-29997,-29997,-29996,-29998,-29999]} 1. e4 c5 2. Nf3 e6 3. d4 cxd4 4. Nxd4 Nf6 5. Nc3 Nc6 6. Nxc6 bxc6 7. e5 Nd5 8. Ne4 Qc7 9. f4 Qb6 10. c4 Bb4+ 11. Ke2 Ba6 (11... f5 $11 12. exf6 Nxf6) 12. Kf3 $16 {B45: Sicilian Four Knights.} f5 13. Nf2 (13. exf6 $16 Nxf6 14. Be3) 13... Nc7 ({Black should play} 13... Ne7 $11) 14. Be3 $14 {White is slightly better.} Bc5 15. Bxc5 Qxc5 16. Qd6 Qa5 17. Rd1 $36 {[%mdl 2048] White has strong initiative.} O-O-O 18. a3 {[#]} (18. Be2 $16) 18... c5 $146 {[#]} (18... h6 $14) ({Predecessor:} 18... h6 19. Qb4 Qb6 20. Qxb6 axb6 21. Be2 g5 22. h4 gxf4 23. Kxf4 Rhg8 24. Rhg1 Rg7 {½-½ (45) Pachmann,A (2190)-Luckans,A Herculane 1994}) 19. Nd3 $1 $18 Bxc4 20. Nxc5 Nb5 {[#]} 21. Qa6+ $1 Qxa6 22. Nxa6 Bxf1 (22... d5 $142 23. Bxc4 dxc4) 23. Rhxf1 d5 24. Rc1+ Kd7 25. a4 Nd4+ 26. Ke3 Nc6 27. Nc5+ Ke7 {[#]} 28. Nxe6 $1 {[%mdl 512]} d4+ (28... Kxe6 29. Rxc6+) 29. Kd2 Kxe6 30. Rxc6+ {[%mdl 4096] Endgame KRR-KRR} Kd5 31. Rc7 Rb8 32. Rb1 ({Weaker is} 32. Rxg7 Rxb2+ 33. Kd3 Rb3+ 34. Ke2 Rb2+ 35. Kf3 Rhb8 $14) 32... a5 33. Ra7 ({Don't do} 33. Rxg7 Rhg8 $18) 33... Rb3 34. Rxa5+ Ke4 35. g3 $2 ({Better is} 35. Re1+ $18 Kxf4 36. g3+ Kg5 37. Rb5 Rxb5 38. axb5) 35... Rd3+ $11 36. Ke2 $2 {[%mdl 8192]} (36. Ke1 $11 Re3+ 37. Kf2) 36... Rc8 37. Kf1 Rc2 38. e6 Rdd2 (38... Kf3 $142 39. Rb5 Rdd2 40. Rb3+ d3 41. Rxd3+ Rxd3 42. b4 Rcd2 43. Re1 Rxh2 44. Kg1 Rdd2 45. Re3+ Kxe3 46. e7 Kf3 47. e8=Q Rdg2+ {[%mdl 64] Double Attack} 48. Kf1 Rh1#) 39. e7 (39. Re5+ $19 Kf3 40. b4) 39... Rf2+ {Black mates.} 40. Kg1 Rg2+ 41. Kh1 Rxh2+ 42. Kg1 Rcg2+ {[%mdl 64] Double Attack} 43. Kf1 Kf3 {Never resign too early! Accuracy: White = 68%, Black = 63%.} 0-1

[Event "2nd ITT FENAMAC-B 2020"]
[Site "Toluca"]
[Date "2020.03.16"]
[Round "8.4"]
[White "Tello Chavez, Isaac Valent"]
[Black "Cofre Archibold, Nestor"]
[Result "0-1"]
[WhiteElo "2270"]
[BlackElo "2304"]
[Annotator "TA"]
[PlyCount "164"]
[EventDate "2020.03.12"]
[EventType "tourn"]
[EventCountry "MEX"]
[SourceTitle "playchess.com"]
[Source "ChessBase"]
[SourceQuality "1"]

{[%evp 9,164,-1,14,20,35,30,39,38,43,17,30,-7,-10,-14,0,-31,0,-8,0,-26,-2,-10,0,-53,0,0,0,-53,-66,-71,-5,-64,-62,-121,-75,-84,-62,-78,-68,-77,-37,-60,0,0,0,0,-48,-108,-125,-137,-96,-154,-165,-166,-155,-125,-74,-111,-93,-689,-698,-678,-693,-657,-178,-193,-185,-322,-319,-322,-322,-363,-350,-379,-378,-385,-379,-376,-275,-271,-263,-379,-360,-360,-360,-360,-360,-360,-390,-367,-368,-381,-357,-362,-345,-445,-438,-444,-380,-435,0,-434,-380,-563,-344,-531,0,-380,-381,-434,-434,-493,0,-329,0,-22,-13,-197,-185,-200,-198,-326,-323,-773,-772,-785,-785,-785,-785,-799,-799,-785,-777,-12838,-12839,-12839,-12839,-12840,-12840,-12841,-12841,-12841,-12841,-12841,-12842,-12842,-12843,-12843,-12843,-12844,-12842,-12842,-12843,-12844,-12843,-12847,-12843]} 1. d4 g6 2. c3 Bg7 3. Bg5 d6 4. Nd2 Nd7 5. Ngf3 h6 6. Bh4 {A40: Unusual replies to 1 d4.} g5 7. Bg3 f5 8. e3 {White is slightly better.} e5 9. h3 Qe7 {[#]} 10. Bh2 $146 ({Predecessor:} 10. Be2 e4 11. Ng1 Ngf6 12. Qc2 O-O 13. O-O-O a5 14. f4 Nd5 15. Nf1 N7f6 16. a3 {0-1 (41) Szavcsur,F (2265)-Beszterczey,L (2175) Nyiregyhaza 1994}) 10... e4 11. Ng1 Ngf6 12. Bc4 Nf8 {[%cal Bd7f8,Bf8g6,Bg6h4,Bh4f5][%mdl 32]} 13. Ne2 Ng6 14. a4 h5 15. a5 Nh4 16. O-O (16. a6 $11) 16... f4 (16... d5 $1 $15 17. Bb3 f4 18. exf4 g4) 17. exf4 $11 g4 $1 {[%cal Rg4h3]} 18. Bg3 (18. Ng3 $11 d5 19. hxg4 hxg4 20. Re1 dxc4 21. Ngxe4) 18... Nf5 $15 {[%mdl 1024] Black has compensation.} 19. h4 d5 20. Bb3 (20. Ba2 $1 $11) 20... e3 21. Nb1 ({Better is} 21. Ba4+ $15 c6 22. Nb3) 21... Ne4 22. Bxd5 exf2+ 23. Bxf2 Nxf2 24. Rxf2 c6 $36 {[%mdl 2048] Black fights for an advantage.} 25. Ba2 g3 (25... Nxh4 $2 26. Ng3 $18) 26. Rf3 {Black must now prevent Qd3.} Nxh4 (26... Qxh4 27. Nxg3 $1 {[%mdl 512]} Nxg3 28. Qe1+ Kd8 29. Qxg3 $16 (29. Rxg3 Re8 $14)) 27. Rxg3 Bg4 28. Qd2 (28. a6 $15 bxa6 29. Na3) 28... Nf5 $17 (28... Bxe2 $2 29. Re3 $18) 29. Na3 O-O-O $1 (29... Bxe2 30. Rg6 $16) (29... Qxe2 $2 30. Re1 $18) (29... Nxg3 $6 30. Nxg3 O-O-O 31. f5 $11) 30. a6 (30. Re1 $142 Rde8 31. Nc2) 30... Rde8 ({Not} 30... Bxe2 31. Rxg7 $1 {[%mdl 512]} Nxg7 32. Re1 $11) ({Much less strong is} 30... Nxg3 31. Nxg3 Bh6 32. Qf2 $15) ({Much weaker is} 30... bxa6 $6 31. Bc4 $11) 31. Bb1 Nxg3 32. Nxg3 {[#]} Kb8 (32... h4 $142 $1 {[%cal Rh4g3]} 33. Ne4 b5) 33. Nc4 h4 34. Nf5 $2 {[%mdl 8192]} (34. Nf1 $17) 34... Qe1+ $19 35. Qxe1 Rxe1+ 36. Kf2 Rxb1 $2 (36... Re2+ 37. Kg1 h3) 37. Rxb1 Bxf5 38. Ra1 (38. Re1 {might work better.}) 38... b5 39. Nd6 Bd7 40. g3 Kc7 41. Ne4 hxg3+ 42. Kxg3 Rh3+ 43. Kg2 Re3 44. Nc5 Bf5 45. Kf2 (45. Rh1 $142) 45... Re8 46. Rh1 Rh8 47. Re1 {Hoping for Re7+.} Bf6 {Strongly threatening ...Bh4+.} 48. Kg2 Rg8+ 49. Kf3 Bg4+ 50. Kg3 Bh5+ 51. Kh3 Bf7 52. b3 Bd5 53. b4 Bg2+ 54. Kh2 Bd5 55. Kh3 Bc4 56. Re3 (56. Ne6+ $142 Kb6 57. Nc5) 56... Bf1+ 57. Kh2 Bc4 58. Kh3 Bf7 59. Kh2 Rg4 60. Rh3 Rg8 $2 (60... Bh4 $19 61. Nd3 Be6) 61. Ne4 $2 {[%mdl 8192]} (61. Re3 $1 $11 {and White stays safe.} Bd5 62. Kh3) 61... Be7 $2 (61... Bg7 $19 {aiming for ...Bg6.} 62. Rh4 Bg6) 62. Rh7 $11 Rf8 {...Kd8 is the strong threat.} 63. Kg3 $2 {[#] Black converts the advantage convincingly.} (63. f5 $1 $11 {and White is okay.}) 63... Kd8 $1 $19 {And now ...Bg6 would win.} 64. f5 {Threatening f6.} Bg8 {[%mdl 64] Discovered Attack} 65. Rg7 (65. Rh5 {was the only defense.}) 65... Bd5 66. f6 $2 (66. Kf4 Rf7 67. Rg8+ Kc7 68. Rh8) 66... Bxf6 {Black is clearly winning.} 67. Nxf6 Rxf6 68. Rxa7 {[%mdl 4096] Endgame KRB-KR} Kc8 69. Kg4 Kb8 70. Re7 Re6 71. Rxe6 Bxe6+ {KB-KP} 72. Kf4 Ka7 73. Ke5 Bd5 74. Kd6 Kxa6 {KB-K3P} 75. Kc7 Ka7 76. Kc8 Kb6 77. Kd8 Be6 78. Ke7 Bh3 79. Kd6 Bg2 80. Kd7 Kb7 81. Kd6 Kc8 82. Kc5 Bd5 {Accuracy: White = 48%, Black = 85%.} 0-1

[Event "2nd ITT FENAMAC-B 2020"]
[Site "Toluca"]
[Date "2020.03.16"]
[Round "8.5"]
[White "Garcia Guerrero, Isaac Antonio"]
[Black "Dominguez Aguilar, Guillermo"]
[Result "1/2-1/2"]
[WhiteElo "2271"]
[BlackElo "2321"]
[Annotator "TA"]
[PlyCount "116"]
[EventDate "2020.03.12"]
[EventType "tourn"]
[EventCountry "MEX"]
[SourceTitle "playchess.com"]
[Source "ChessBase"]
[SourceQuality "1"]

{[%evp 9,116,17,13,10,45,23,24,15,40,41,60,51,71,54,70,56,63,59,88,91,96,78,141,114,162,143,160,67,73,74,68,65,67,56,67,39,69,64,60,59,75,78,59,61,97,52,96,82,97,66,64,0,47,0,136,153,145,134,2002,2028,899,202,517,514,531,531,465,506,562,560,551,532,906,713,965,889,797,369,349,371,352,357,445,345,345,265,360,356,472,0,0,0,0,0,8,0,59,0,0,0,0,0,0,0,0,0,1292,1218,802]} 1. d4 Nf6 2. Bg5 Ne4 3. Bf4 e6 4. f3 Bd6 5. Bxd6 Nxd6 6. e4 {A45: Trompowsky Attack.} f5 7. e5 Nf7 8. Nc3 {White has an edge.} b6 9. f4 Bb7 10. Nf3 {[#]} Qe7 $146 ({Predecessor:} 10... O-O 11. Bc4 g5 12. d5 Qe7 13. Qe2 gxf4 14. O-O-O a5 15. Rhe1 Na6 16. Nd4 Nc5 {1-0 (39) Papadakis,M (2266)-Kersten,J (1971) Nova Gorica 2016}) 11. Bc4 c6 12. Qd2 a5 13. Na4 Qd8 14. Be2 Na6 15. c4 O-O ({Black should try} 15... b5) 16. O-O d5 {intending ...dxc4.} 17. c5 bxc5 18. Bxa6 ({Resist} 18. Nxc5 $6 Nxc5 19. dxc5 Ba6 $16) (18. dxc5 $16 Qe7 19. Rac1 (19. Qxa5 g5 $16)) 18... Bxa6 $14 19. Rfc1 c4 20. Nc5 Re8 21. b3 h6 22. h4 Kh7 23. Nxa6 Rxa6 24. bxc4 dxc4 25. Rxc4 Nh8 26. h5 Qd7 27. Rc5 Rea8 28. Rac1 Qe8 29. Qe2 Rb6 30. Qc4 ({Better is} 30. Qd1 $14) 30... Raa6 31. Qe2 a4 (31... Ra8 $1 $11) 32. d5 $36 {[%mdl 2048] Black is under strong pressure.} cxd5 33. Rc8 Qb5 $2 {[%mdl 8192]} (33... Qxh5 $16 34. Ng5+ {[%mdl 64] Discovered Attack} Kg6 35. Qxh5+ Kxh5 36. Rxh8 Rc6 37. Rxc6 Rxc6) 34. Qxb5 $18 Rxb5 35. Nh4 $2 (35. Re8 Rb7 36. Nd4) 35... Rba5 $2 (35... Rab6 36. Kh2 Rb4) 36. Re8 {[#] And now Rcc8 would win.} Ra8 37. Rxe6 R5a7 38. Rd6 a3 39. Rxd5 Rb8 40. Rdc5 Rb2 41. Rc8 Rab7 42. Ra8 g5 43. hxg6+ (43. Nxf5 $142 Rb1 44. Rxb1 Rxb1+ 45. Kf2) 43... Nxg6 44. Nxg6 ({Inferior is} 44. Nxf5 Nxf4 45. Kh1 Rxg2 $11) 44... Kxg6 45. Rxa3 {[%mdl 4096] Endgame KRR-KRR} R7b4 46. Rf1 Re4 47. Rg3+ Kh5 48. a3 Ra2 49. Rgf3 $2 (49. Rg7 $18) 49... Ree2 $1 $11 {[%cal Re2g2]} 50. R3f2 Rxf2 $1 51. Rxf2 Rxa3 {KR-KR} 52. Rf3 Ra6 (52... Ra1+ $1 $11 53. Kf2 Kg4) 53. g3 (53. Re3 $14) 53... Kg4 54. Re3 Re6 55. Kf2 {Black must now prevent Re1.} h5 $1 56. Re1 {[#] White wants to mate with Rh1.} h4 57. gxh4 {Hoping for Ke3.} Kxh4 $2 {[%mdl 8192]} (57... Kxf4 $11 58. h5 Rxe5) 58. Re2 Kg4 {[%mdl 32768] Accuracy: White = 72%, Black = 47%. . An unexpected result.} 1/2-1/2

[Event "2nd ITT FENAMAC-B 2020"]
[Site "Toluca"]
[Date "2020.03.16"]
[Round "9.1"]
[White "Dominguez Aguilar, Guillermo"]
[Black "Fernandez Cardoso, Alexey"]
[Result "1-0"]
[WhiteElo "2321"]
[BlackElo "2424"]
[Annotator "TA"]
[PlyCount "81"]
[EventDate "2020.03.12"]
[EventType "tourn"]
[EventCountry "MEX"]
[SourceTitle "playchess.com"]
[Source "ChessBase"]
[SourceQuality "1"]

{[%evp 14,81,13,27,22,-8,0,-29,-27,-30,0,0,14,0,22,15,24,0,0,0,0,0,0,0,10,0,27,25,88,96,153,72,99,70,159,139,171,168,183,51,36,32,32,22,31,0,32,0,64,94,655,629,647,645,790,754,1022,1057,1494,1530,1393,1288,6061,6033,2347,1082,1717,1505,29965,5235]} 1. e4 c5 2. Nc3 Nc6 3. Bb5 Nd4 4. Nf3 e6 5. O-O a6 6. Bd3 Ne7 7. Nxd4 cxd4 8. Ne2 Nc6 {B30: Sicilian: 2...Nc6 3 Bb5, lines without ...g6.} 9. Ng3 {[#]} h5 $146 ({Predecessor:} 9... g6 10. f4 Bg7 11. f5 Ne5 12. Be2 d3 13. Bxd3 Nxd3 14. cxd3 exf5 15. exf5 O-O 16. Qf3 {½-½ (37) Papunidi,M (2148)-Silich,Y (2170) Kobrin 2019}) 10. f4 h4 {Black has an edge.} 11. Nh1 Bc5 12. Nf2 d6 13. a3 b5 14. b4 Bb6 15. c4 dxc3 16. dxc3 h3 {Strongly threatening ...hxg2.} 17. g3 Bb7 18. a4 $36 {[%mdl 2048] White has the initiative.} bxa4 19. Rxa4 e5 20. f5 Ne7 (20... a5 $11 {keeps the balance.}) 21. Qe2 $16 Rc8 (21... Kf8 $142) 22. Ra3 (22. Bxa6 $142 Qd7 23. Bxb7 Qxb7 24. Be3 Bxe3 25. Qxe3) 22... d5 23. Be3 d4 (23... dxe4 $14 24. Bxa6 (24. Nxe4 Rh6 $11) (24. Bxe4 Bxe4 25. Nxe4 Bxe3+ 26. Qxe3 Nd5 $14) 24... Bxa6 25. Rxa6 Bxe3 26. Qxe3 O-O) 24. cxd4 exd4 25. Bd2 Nc6 26. Bxa6 (26. e5 $18) 26... Bxa6 $14 27. Qxa6 O-O 28. Nd3 Re8 $1 29. f6 Ne5 30. fxg7 {Threatens to win with Nxe5.} Nxd3 (30... Rc3 $1 $11 31. Nc5 (31. Bxc3 $2 dxc3+ 32. Nf2 Bxf2+ 33. Rxf2 Qd4 $19 {[%mdl 64] Double Attack}) 31... Rxa3 32. Qxa3 Qa8 33. Qxa8 Rxa8) 31. Rxd3 {Hoping for Qb5.} Rxe4 $2 {[%mdl 8192] [#] Now Black is done in.} (31... Qd6 $16) 32. Qb7 $1 $18 Qe8 33. Qxb6 {And now Qh6 would win.} Rc6 34. Qa5 Re5 35. Qa7 Rd6 36. Rxd4 Re7 37. Qa1 (37. Rxd6 Rxa7 38. Bg5 Ra8 $17) 37... Rg6 38. Rh4 {[%csl Ga1,Gg7][%cal Rh4h8]} Rxg7 39. Qf6 {White wants to mate with Bc3.} Re6 40. Qf3 Qd8 {[#]} 41. Bc3 $1 {Accuracy: White = 62%, Black = 51%.} 1-0

[Event "2nd ITT FENAMAC-B 2020"]
[Site "Toluca"]
[Date "2020.03.16"]
[Round "9.2"]
[White "Cofre Archibold, Nestor"]
[Black "Garcia Guerrero, Isaac Antonio"]
[Result "1/2-1/2"]
[WhiteElo "2304"]
[BlackElo "2271"]
[Annotator "TA"]
[PlyCount "36"]
[EventDate "2020.03.12"]
[EventType "tourn"]
[EventCountry "MEX"]
[SourceTitle "playchess.com"]
[Source "ChessBase"]
[SourceQuality "1"]

{[%evp 9,36,8,51,47,59,13,14,-20,-20,-8,-19,-22,32,0,0,0,22,-29,-31,-41,-20,-33,0,-22,-20,-41,0,0,28]} 1. e4 c5 2. Nf3 g6 3. c3 Nf6 4. e5 Nd5 5. h4 h6 6. d4 {B27: Sicilian: 2 Nf3, unusual Black 2nd moves.} cxd4 {[#]} 7. h5 $146 ({Predecessor:} 7. Qxd4 e6 8. c4 Nb4 9. Qc3 N4c6 10. Nbd2 Qc7 11. c5 Qa5 12. Qxa5 Nxa5 13. Ne4 {1-0 (45) Forcen Esteban,D (2567)-Garcia Fernandez,J (2179) Aragon 2019}) 7... g5 $1 8. Qb3 e6 9. cxd4 Nc6 10. Nc3 Qa5 (10... g4 $11 11. Nxd5 exd5) 11. Be3 Bb4 {[%cal Rd5c3]} 12. Rc1 Qb6 13. g4 ({White should try} 13. Nd2) 13... d6 $11 14. exd6 Bd7 15. Be2 Na5 16. Qd1 Qxd6 17. Bd2 Rc8 18. O-O Nc6 {Accuracy: White = 69%, Black = 71%.} 1/2-1/2

[Event "2nd ITT FENAMAC-B 2020"]
[Site "Toluca"]
[Date "2020.03.16"]
[Round "9.3"]
[White "Guerrero Rodriguez, Alejandra"]
[Black "Tello Chavez, Isaac Valent"]
[Result "0-1"]
[WhiteElo "2088"]
[BlackElo "2270"]
[Annotator "TA"]
[PlyCount "90"]
[EventDate "2020.03.12"]
[EventType "tourn"]
[EventCountry "MEX"]
[SourceTitle "playchess.com"]
[Source "ChessBase"]
[SourceQuality "1"]

{[%evp 10,90,63,42,57,50,61,37,45,18,40,16,54,25,49,27,62,10,29,-8,47,-47,-47,-47,-47,-47,-47,-50,-47,-77,-69,-104,-64,-114,-63,-64,-74,-83,-59,-59,-58,-52,-58,-58,-57,-66,-41,-116,-115,-108,-106,-142,-133,-142,-134,-131,-133,-198,-179,-190,-175,-227,-225,-244,-231,-318,-210,-272,-248,-248,-234,-230,-223,-302,-270,-375,-358,-375,-375,-29997,-29998,-29998,-29999]} 1. e4 d5 2. exd5 Qxd5 3. Nc3 Qd8 4. d4 g6 5. Nf3 Bg7 6. Bc4 Nf6 $1 {[%mdl 4] now scores much better than the old 6...Nh6. B01: Scandinavian Defence.} 7. O-O O-O 8. h3 a6 {White is slightly better.} 9. a4 b6 10. Bf4 Nc6 11. Re1 Bb7 12. Qd2 {[#]} Nb4 $146 ({Predecessor:} 12... e6 13. Rad1 Ne7 14. Ne5 Nfd5 15. Nxd5 Nxd5 16. Bh6 Re8 17. Bxg7 Kxg7 18. Ng4 h5 {½-½ (65) Raja,H (2434)-Banusz,T (2626) Benasque 2019}) 13. Be2 (13. Ne5 $14) 13... e6 14. Rad1 Nbd5 (14... Qe7 $11) 15. Bh6 ({White should try} 15. Be5 $14) 15... Nxc3 $15 16. bxc3 Ne4 17. Qe3 $1 {[#]} Nxc3 $1 {[%mdl 576] Double Attack} 18. Bxg7 {Qh6 is the strong threat.} (18. Qxc3 Bxh6) 18... Nxe2+ 19. Qxe2 Kxg7 20. Qe5+ Kg8 21. Ng5 h6 (21... Qd5 $17 22. Qxd5 Bxd5) 22. Ne4 Bxe4 $1 23. Qxe4 Qd5 24. Qf4 Kg7 25. Qxc7 Rfc8 26. Qxb6 Rxc2 27. Re5 Qc6 28. Qb3 {[#] Black converts the advantage convincingly.} (28. Qxc6 $15 Rxc6 29. Rc5) 28... Rd8 $1 $40 {[%mdl 128] Black goes for the king.} 29. d5 {[#]} Qc5 $1 {[%mdl 512]} 30. Qf3 Rc1 31. Ree1 Rxd1 32. Rxd1 Rxd5 {[%mdl 4096] Endgame KQR-KQR} 33. Rb1 (33. Qe2 $17) 33... Qd4 34. Qa3 Rf5 35. Rb2 (35. Qa2 $142) 35... a5 $19 36. g3 h5 37. h4 e5 38. Qa2 Rf3 39. Kg2 Rd3 {Hoping for ...Qe4+.} 40. Re2 Kf6 41. f3 Rd1 {( -> ...Rg1+)} 42. Rf2 Qa1 {Strongly threatening ...Rg1+.} 43. f4 {Threatens to win with fxe5+.} Rg1+ 44. Kf3 $2 (44. Kh3 $19 Rh1+ 45. Kg2 Rg1+ 46. Kh3 Rh1+ 47. Kg2 Rg1+) 44... Qc3+ 45. Ke4 Qd4+ {Accuracy: White = 51%, Black = 78%.} 0-1

[Event "2nd ITT FENAMAC-B 2020"]
[Site "Toluca"]
[Date "2020.03.16"]
[Round "9.4"]
[White "Medina Diaz, Rafael Alejandro"]
[Black "Della Morte, Pablo"]
[Result "1/2-1/2"]
[WhiteElo "2308"]
[BlackElo "2273"]
[Annotator "TA"]
[PlyCount "47"]
[EventDate "2020.03.12"]
[EventType "tourn"]
[EventCountry "MEX"]
[SourceTitle "playchess.com"]
[Source "ChessBase"]
[SourceQuality "1"]

{[%evp 20,24,-8,0,0,0,0]} 1. c4 c5 2. Nc3 Nc6 3. g3 g6 4. Bg2 Bg7 5. e3 e6 6. Nge2 Nge7 7. O-O O-O 8. a3 d5 9. cxd5 exd5 10. d4 cxd4 11. Nxd4 Nxd4 {A36: Symmetrical English vs ...g6: 4 Bg2 Bg7.} 12. exd4 Nc6 {[#] An uneventful encounter.} {Predecessor:} 13. Be3 $146 Be6 14. b4 Rc8 15. Rc1 Qd7 16. Qd2 Rfe8 17. Ne2 Ne7 18. Nf4 Nf5 19. Nxe6 fxe6 20. Bh3 Nd6 21. Qd3 Rc4 22. Rxc4 Nxc4 23. Re1 Qd6 24. Bc1 {½-½ (24) Lehmann,H (2325)-Thal,O (2310) Germany 1992} 1/2-1/2

[Event "2nd ITT FENAMAC-B 2020"]
[Site "Toluca"]
[Date "2020.03.16"]
[Round "9.5"]
[White "Garcia Almaguer, Juan Manuel"]
[Black "Camacho Collados, Marcos"]
[Result "1/2-1/2"]
[WhiteElo "2204"]
[BlackElo "2409"]
[Annotator "TA"]
[PlyCount "96"]
[EventDate "2020.03.12"]
[EventType "tourn"]
[EventCountry "MEX"]
[SourceTitle "playchess.com"]
[Source "ChessBase"]
[SourceQuality "1"]

{[%evp 15,96,22,20,22,9,10,31,-1,-4,-11,0,-7,0,-3,-7,-6,0,-14,0,0,22,0,0,0,0,0,0,0,7,0,6,-11,0,0,0,-43,-37,-35,-36,-62,-39,-40,-43,-37,-21,-42,-28,-28,-28,-32,-8,-15,79,91,93,89,120,0,87,0,0,0,0,0,35,26,16,29,93,53,62,12,9,0,0,0,67,0,0,0,45,0,0]} 1. d4 e6 2. Nf3 f5 3. g3 b6 4. Bg2 Bb7 5. c4 Bb4+ 6. Bd2 a5 7. O-O Nf6 8. Nc3 O-O 9. a3 {A84: Dutch Defence: 2 c4 Miscellaneous.} Bxc3 10. Bxc3 a4 {[#]} 11. Qc2 $146 {White is slightly better.} ({Predecessor:} 11. Rc1 d5 12. Ne5 Nbd7 13. Bb4 Re8 14. Qc2 c6 15. Rfd1 Nxe5 16. dxe5 Nd7 17. Bd6 {½-½ (34) Khurtsidze,N (2383)-Zhukova,N (2447) Teheran 2017}) 11... Be4 12. Qd2 Nc6 13. Rfd1 Na5 14. Bxa5 $1 Rxa5 15. Rac1 Qa8 16. Qf4 Qb7 17. Ne1 b5 18. f3 Bc6 19. Qd2 Raa8 20. Nd3 bxc4 21. Rxc4 Qa7 22. Nb4 Bd5 23. Rc3 Bb3 24. Rdc1 c6 25. f4 Rab8 26. e3 Bd5 27. Qc2 g6 28. Qe2 Qa5 29. Rc5 {[%cal Bc3c5,Bc5a5,Ba5a7][%mdl 32]} Qd8 30. h3 Ne4 31. Bxe4 $1 Bxe4 32. Kh2 Qe7 33. Ra5 Rxb4 (33... Ra8 $11 34. Rxa8 Rxa8) 34. axb4 $16 Qxb4 35. Ra7 Rb8 36. g4 ({Inferior is} 36. Rxd7 Qxb2 37. Qxb2 Rxb2+ 38. Kg1 a3 $17) ({White should try} 36. Kg1 $16) 36... h6 (36... g5 $11 {remains equal.}) 37. Rg1 ({Much weaker is} 37. Rxd7 Qxb2 38. Qxb2 Rxb2+ 39. Kg3 a3 $15) (37. Ra1 $16) 37... Qxb2 $11 38. Qxb2 Rxb2+ {[%mdl 4096] Endgame KRR-KRB} 39. Kg3 Re2 40. gxf5 Bxf5 ({Of course not} 40... Rxe3+ 41. Kf2 $16) 41. Kf3 Rb2 (41... Rh2 $11 {keeps the balance.}) 42. Rxd7 {And now Rc1 would win.} a3 43. Ra7 a2 44. Ra1 Bb1 45. Re7 Bd3 (45... Rh2 $11) 46. Ra7 (46. Rxe6 $14 Rc2 47. h4) 46... Bb1 47. Re7 Bf5 48. Ra7 (48. e4 $5 {[%cal Re4f5]} Bxh3 49. Ra7 $14) 48... Bb1 {Accuracy: White = 72%, Black = 76%.} 1/2-1/2